[Event "ICS rated bullet match"]
[Site "204.178.125.65"]
[Date "2000.11.19"]
[Round "?"]
[White "WoodEater"]
[Black "Hossa"]
[Result "0-1"]
[WhiteElo "2171"]
[BlackElo "2646"]
[PlyCount "30"]
[EventDate "2000.??.??"]

1. d4 f5 2. g3 Nf6 3. Bg2 g6 4. c3 Bg7 5. f4 O-O 6. Nd2 d5 7. Ngf3 Na6 8. Ne5
c5 9. Ndf3 cxd4 10. Nxd4 Nc7 11. O-O Ne4 12. Be3 Kh8 13. Qe1 Bd7 14. Bxe4 fxe4
15. Qf2 Bxe5 {WoodEater resigns} 0-1

[Event "ICS rated bullet match"]
[Site "204.178.125.65"]
[Date "2000.11.19"]
[Round "?"]
[White "Hossa"]
[Black "WoodEater"]
[Result "1-0"]
[WhiteElo "2648"]
[BlackElo "2169"]
[PlyCount "83"]
[EventDate "2000.??.??"]

1. e4 e5 2. Nf3 Nc6 3. Bb5 Nf6 4. O-O Nxe4 5. d4 Nd6 6. Bxc6 dxc6 7. dxe5 Nf5
8. Qxd8+ Kxd8 9. Nc3 Bd7 10. Rd1 Ke8 11. Bg5 h6 12. Bf4 Rd8 13. Ne4 Be7 14. Bd2
Be6 15. Ba5 b6 16. Rxd8+ Kxd8 17. Rd1+ Kc8 18. Be1 Rd8 19. Rxd8+ Kxd8 20. Bc3
a5 21. a4 Kd7 22. g4 Nh4 23. Nxh4 Bxh4 24. f3 Be7 25. Kg2 c5 26. Ng3 Kc6 27.
Nh5 Bf8 28. b3 c4 29. Nf4 cxb3 30. Nxe6 fxe6 31. cxb3 Bb4 32. Bd4 Bc5 33. Bb2
Bb4 34. f4 Kd5 35. f5 Bc5 36. Bc3 exf5 37. gxf5 Be7 38. Kf3 c6 39. e6 Bd8 40.
Bxg7 h5 41. Bf8 b5 42. e7 {WoodEater resigns} 1-0

[Event "ICS rated bullet match"]
[Site "204.178.125.65"]
[Date "2000.11.19"]
[Round "?"]
[White "WoodEater"]
[Black "Hossa"]
[Result "0-1"]
[WhiteElo "2167"]
[BlackElo "2650"]
[PlyCount "46"]
[EventDate "2000.??.??"]

1. c4 Nf6 2. d4 Nc6 3. d5 Ne5 4. Nf3 Nxc4 5. e3 Nb6 6. Nc3 d6 7. Bb5+ Bd7 8.
Bxd7+ Qxd7 9. O-O e6 10. e4 O-O-O 11. a4 exd5 12. a5 Nc4 13. exd5 Ne5 14. Nxe5
dxe5 15. a6 Nxd5 16. axb7+ Kxb7 17. Qb3+ Nb4 18. Na2 Qd3 19. Qa4 Nc2 20. Rb1
Nd4 21. Nc3 Rd6 22. Ra1 Nf3+ 23. gxf3 Rg6+ {WoodEater resigns} 0-1

[Event "ICS rated bullet match"]
[Site "204.178.125.65"]
[Date "2000.11.19"]
[Round "?"]
[White "Hossa"]
[Black "WoodEater"]
[Result "1-0"]
[WhiteElo "2652"]
[BlackElo "2165"]
[PlyCount "87"]
[EventDate "2000.??.??"]

1. e4 c5 2. c3 Nf6 3. Qc2 g6 4. d4 cxd4 5. cxd4 Bg7 6. e5 Nd5 7. Qe4 e6 8. Nc3
Nxc3 9. bxc3 O-O 10. Ba3 Re8 11. Bd6 Bf8 12. Bc4 Bxd6 13. exd6 Nc6 14. Ne2 b6
15. O-O Bb7 16. Qf4 Na5 17. Bb5 Bc6 18. Ba6 Bb7 19. Bxb7 Nxb7 20. Rfe1 Rc8 21.
Rad1 Rc6 22. d5 exd5 23. Rxd5 Re6 24. Qh6 Rcxd6 25. Rd4 Qf8 26. Qf4 Rxd4 27.
cxd4 Qd6 28. Qc1 Re8 29. Qc4 Qc6 30. Qd3 Qd6 31. Qa6 Nd8 32. Qxa7 Ne6 33. Rd1
Qc6 34. d5 Qb5 35. Nc3 Qc4 36. Qxd7 Qxc3 37. Qxe8+ Nf8 38. Qe3 Qc5 39. Qxc5
bxc5 40. a4 Nd7 41. a5 Kf8 42. d6 Ke8 43. a6 Kd8 44. a7 {WoodEater resigns} 1-0

[Event "ICS rated bullet match"]
[Site "204.178.125.65"]
[Date "2000.11.19"]
[Round "?"]
[White "Hossa"]
[Black "WoodEater"]
[Result "1-0"]
[WhiteElo "2656"]
[BlackElo "2161"]
[PlyCount "37"]
[EventDate "2000.??.??"]

1. e4 e5 2. Nf3 Nc6 3. Bb5 Nf6 4. O-O Nxe4 5. d4 Nd6 6. Bxc6 dxc6 7. dxe5 Nf5
8. Qxd8+ Kxd8 9. Nc3 Bd7 10. Rd1 Ke8 11. Bg5 h6 12. Bf4 Bc5 13. Ne4 Bb6 14. a4
a5 15. Rd3 Rd8 16. Rad1 Ke7 17. g4 g5 18. Nexg5 hxg5 19. Bxg5+ {
WoodEater resigns} 1-0

[Event "ICS rated bullet match"]
[Site "204.178.125.65"]
[Date "2000.11.19"]
[Round "?"]
[White "WoodEater"]
[Black "Hossa"]
[Result "0-1"]
[WhiteElo "2159"]
[BlackElo "2658"]
[PlyCount "34"]
[EventDate "2000.??.??"]

1. e4 c5 2. Nf3 Nc6 3. d4 cxd4 4. Nxd4 g6 5. Nc3 Bg7 6. Be3 Qa5 7. f3 f5 8. Qd2
fxe4 9. fxe4 Nf6 10. Be2 Nxe4 11. Nxe4 Qxd2+ 12. Nxd2 Nxd4 13. Rc1 Nxe2 14.
Kxe2 Bxb2 15. Rcf1 b6 16. Nc4 Ba6 17. Kd3 d5 {WoodEater resigns} 0-1

[Event "ICS rated bullet match"]
[Site "204.178.125.65"]
[Date "2000.11.19"]
[Round "?"]
[White "Hossa"]
[Black "WoodEater"]
[Result "1-0"]
[WhiteElo "2660"]
[BlackElo "2157"]
[PlyCount "21"]
[EventDate "2000.??.??"]

1. e4 c5 2. c3 b6 3. d4 cxd4 4. cxd4 Bb7 5. Nc3 e6 6. Nf3 d5 7. Bb5+ Bc6 8. Qa4
Qd7 9. Ne5 Bxb5 10. Nxb5 Qb7 11. Nd6+ {WoodEater resigns} 1-0

[Event "ICS rated bullet match"]
[Site "204.178.125.65"]
[Date "2000.11.19"]
[Round "?"]
[White "WoodEater"]
[Black "Hossa"]
[Result "0-1"]
[WhiteElo "2155"]
[BlackElo "2662"]
[PlyCount "34"]
[EventDate "2000.??.??"]

1. e4 c5 2. f4 e5 3. Nf3 exf4 4. d4 Qb6 5. d5 Be7 6. Nc3 d6 7. b3 Bf6 8. Bb5+
Nd7 9. Bb2 c4 10. Bxd7+ Bxd7 11. Qd2 Rc8 12. Nd1 Bxb2 13. Nxb2 c3 14. Qc1 cxb2
15. Qxb2 Qe3+ 16. Kf1 Bb5+ 17. c4 Rxc4 {WoodEater resigns} 0-1

[Event "ICS rated bullet match"]
[Site "204.178.125.65"]
[Date "2000.11.19"]
[Round "?"]
[White "Hossa"]
[Black "WoodEater"]
[Result "1-0"]
[WhiteElo "2664"]
[BlackElo "2153"]
[PlyCount "33"]
[EventDate "2000.??.??"]

1. e4 c5 2. c3 Nf6 3. Qc2 g6 4. d4 cxd4 5. cxd4 Bg7 6. e5 Nd5 7. Qe4 e6 8. Nc3
Nxc3 9. bxc3 d5 10. exd6 Qxd6 11. Bb5+ Bd7 12. Qxb7 Bxb5 13. Qxa8 Qc7 14. Rb1
Qxc3+ 15. Bd2 Qc4 16. Qxb8+ Ke7 17. Qxb5 {WoodEater resigns} 1-0

[Event "ICS rated bullet match"]
[Site "204.178.125.65"]
[Date "2000.11.19"]
[Round "?"]
[White "WoodEater"]
[Black "Hossa"]
[Result "0-1"]
[WhiteElo "2151"]
[BlackElo "2666"]
[PlyCount "46"]
[EventDate "2000.??.??"]

1. Nc3 c5 2. e4 Nc6 3. g3 Nf6 4. Bg2 e6 5. d3 d5 6. Nf3 dxe4 7. Nxe4 Nxe4 8.
dxe4 Qxd1+ 9. Kxd1 Bd6 10. c3 O-O 11. Ke2 b6 12. Rd1 Rd8 13. Bf4 Ba6+ 14. Ke3
e5 15. Bg5 f6 16. Bh4 g5 17. Nxg5 fxg5 18. Bxg5 Be7 19. Rxd8+ Rxd8 20. Bxe7
Rd3+ 21. Ke2 Rxg3+ 22. Ke1 Rxg2 23. Bh4 Rg1+ {WoodEater resigns} 0-1

[Event "ICS rated bullet match"]
[Site "204.178.125.65"]
[Date "2000.11.19"]
[Round "?"]
[White "Hossa"]
[Black "WoodEater"]
[Result "1-0"]
[WhiteElo "2668"]
[BlackElo "2149"]
[PlyCount "81"]
[EventDate "2000.??.??"]

1. d4 Nf6 2. Nf3 g6 3. g3 Bg7 4. Bg2 O-O 5. Nc3 d5 6. Bf4 b6 7. Nb5 Na6 8. Ne5
Bb7 9. c4 c6 10. Na3 e6 11. O-O Nd7 12. Ng4 Nf6 13. Nh6+ Kh8 14. Bg5 Qd7 15.
cxd5 cxd5 16. Rc1 Rac8 17. Rxc8 Rxc8 18. Qd3 Ng8 19. Qb5 Qc7 20. Nxg8 Kxg8 21.
Rc1 Qb8 22. Nc2 Rc7 23. Bf4 e5 24. dxe5 Qc8 25. Qb3 Nc5 26. Qa3 Ne6 27. Qxa7
Nxf4 28. gxf4 Rxc2 29. Rxc2 Qxc2 30. Qxb7 Qc1+ 31. Bf1 Qxf4 32. Qb8+ Bf8 33.
Qxb6 Qxe5 34. e3 Qg5+ 35. Bg2 Qg4 36. Qb3 h5 37. Qxd5 h4 38. Qd8 h3 39. Qa8
hxg2 40. Qd8 Qd1+ 41. Qxd1 {WoodEater resigns} 1-0

[Event "ICS rated bullet match"]
[Site "204.178.125.65"]
[Date "2000.11.19"]
[Round "?"]
[White "WoodEater"]
[Black "Hossa"]
[Result "0-1"]
[WhiteElo "2147"]
[BlackElo "2670"]
[PlyCount "28"]
[EventDate "2000.??.??"]

1. e4 c5 2. d4 cxd4 3. Nf3 e5 4. c3 Qa5 5. Bc4 Nf6 6. O-O Nxe4 7. Re1 f5 8.
cxd4 Bb4 9. Nbd2 d5 10. Bb3 exd4 11. Nxd4 O-O 12. f3 Nxd2 13. Bxd2 Bxd2 14.
Qxd2 Qxd2 {WoodEater resigns} 0-1

[Event "ICS rated bullet match"]
[Site "204.178.125.65"]
[Date "2000.11.19"]
[Round "?"]
[White "Hossa"]
[Black "WoodEater"]
[Result "1-0"]
[WhiteElo "2672"]
[BlackElo "2145"]
[PlyCount "85"]
[EventDate "2000.??.??"]

1. e4 c5 2. c3 Nc6 3. Nf3 e5 4. d4 cxd4 5. cxd4 exd4 6. Nxd4 g6 7. Bb5 Bg7 8.
Ne2 Nge7 9. Nbc3 O-O 10. Bg5 a6 11. Bd3 h6 12. Bh4 b5 13. O-O Bb7 14. Qd2 Qc7
15. Nd5 Nxd5 16. exd5 Ne5 17. Be7 Rfe8 18. d6 Qc6 19. f3 Nxd3 20. Qxd3 Bf8 21.
Bxf8 Kxf8 22. Qd4 Kg8 23. Nf4 Rac8 24. Rfe1 Rxe1+ 25. Rxe1 Rf8 26. b3 Qc2 27.
a4 Qxb3 28. axb5 Qxb5 29. Ra1 Bc6 30. Nh3 Qd5 31. Qf6 Bb5 32. Rc1 Qe6 33. Qf4
Rb8 34. Qxh6 Qf6 35. Ng5 Qg7 36. Qh4 Kf8 37. Nh7+ Kg8 38. Nf6+ Kf8 39. Re1 Rd8
40. Nh7+ Kg8 41. Qxd8+ Kxh7 42. Qh4+ Kg8 43. Re8+ {WoodEater resigns} 1-0

[Event "ICS rated bullet match"]
[Site "204.178.125.65"]
[Date "2000.11.19"]
[Round "?"]
[White "WoodEater"]
[Black "Hossa"]
[Result "0-1"]
[WhiteElo "2144"]
[BlackElo "2673"]
[PlyCount "88"]
[EventDate "2000.??.??"]

1. e4 c5 2. c3 Nf6 3. e5 Nd5 4. Nf3 Nc6 5. Bc4 Nb6 6. Bb3 d6 7. d4 cxd4 8. cxd4
dxe5 9. Nxe5 Nxe5 10. dxe5 Qxd1+ 11. Bxd1 Bf5 12. Nc3 O-O-O 13. Be3 Nc4 14. Bc1
Nxe5 15. Be2 Nd3+ 16. Bxd3 Bxd3 17. Be3 b6 18. Rd1 e6 19. f3 Bb4 20. Kf2 Rd7
21. Ne4 Rhd8 22. Ng3 Rc7 23. Rc1 e5 24. Rxc7+ Kxc7 25. Rc1+ Kd7 26. a3 Be7 27.
Rd1 Ke6 28. Ne4 Bc2 29. Rxd8 Bxd8 30. Nc3 f5 31. Nb5 a6 32. Nc3 Bb3 33. Bd2 g5
34. g3 h5 35. Ke2 g4 36. fxg4 hxg4 37. Kf2 Bc7 38. Ke2 f4 39. gxf4 exf4 40. Kf2
Be5 41. Ne4 Bxb2 42. Ng5+ Kf5 43. Nh7 Bd4+ 44. Kg2 f3+ {WoodEater resigns} 0-1

[Event "ICS rated bullet match"]
[Site "204.178.125.65"]
[Date "2000.11.19"]
[Round "?"]
[White "Hossa"]
[Black "WoodEater"]
[Result "1-0"]
[WhiteElo "2674"]
[BlackElo "2143"]
[PlyCount "75"]
[EventDate "2000.??.??"]

1. e4 c5 2. c3 Nf6 3. Qc2 e5 4. Nf3 Nc6 5. Bb5 d6 6. d3 Bd7 7. O-O Be7 8. Be3
O-O 9. Na3 a6 10. Ba4 b5 11. Bb3 Rb8 12. Qe2 b4 13. Nc4 bxc3 14. bxc3 a5 15.
Rab1 Qc7 16. Na3 Qa7 17. Ba4 Rxb1 18. Rxb1 Rb8 19. Nb5 Qa8 20. Bc1 Na7 21. Nc7
Rxb1 22. Nxa8 Rxc1+ 23. Bd1 Bd8 24. Qd2 Rb1 25. Qc2 Rb8 26. d4 cxd4 27. cxd4
exd4 28. Nxd4 Rxa8 29. Qb3 Nc6 30. Ne2 Rb8 31. Qd3 Bc7 32. Bb3 Ne5 33. Qc3 a4
34. Qxc7 axb3 35. Qxb8+ Be8 36. axb3 g6 37. Qxd6 Kg7 38. Qxe5 {
WoodEater resigns} 1-0

[Event "ICS rated bullet match"]
[Site "204.178.125.65"]
[Date "2000.11.19"]
[Round "?"]
[White "WoodEater"]
[Black "Hossa"]
[Result "0-1"]
[WhiteElo "2142"]
[BlackElo "2675"]
[PlyCount "56"]
[EventDate "2000.??.??"]

1. e4 c5 2. Nf3 Nc6 3. d4 cxd4 4. Nxd4 g6 5. c4 Bg7 6. Be3 Nh6 7. f3 Qb6 8. Nf5
Qxb2 9. Nxg7+ Qxg7 10. Nd2 f5 11. Be2 fxe4 12. Nxe4 Nf5 13. Bf2 Nfd4 14. O-O
Nxe2+ 15. Qxe2 O-O 16. Rfd1 d6 17. Ng5 Bf5 18. Ne6 Bxe6 19. Qxe6+ Qf7 20. Qe2
Ne5 21. Rac1 Rfc8 22. c5 b6 23. cxd6 Rxc1 24. Rxc1 exd6 25. Rd1 Nc4 26. Be3 Re8
27. Rd3 Qg7 28. Qf2 Qa1+ {WoodEater resigns} 0-1

[Event "ICS rated bullet match"]
[Site "204.178.125.65"]
[Date "2000.11.19"]
[Round "?"]
[White "Hossa"]
[Black "WoodEater"]
[Result "1-0"]
[WhiteElo "2676"]
[BlackElo "2141"]
[PlyCount "31"]
[EventDate "2000.??.??"]

1. e4 c6 2. c4 d5 3. exd5 cxd5 4. cxd5 Nf6 5. Bb5+ Bd7 6. Bc4 b5 7. Bb3 g6 8.
Nf3 a5 9. d4 a4 10. Bc2 Nxd5 11. O-O Bg7 12. Be4 Bc6 13. Ne5 Bb7 14. Qe2 Qb6
15. Qf3 e6 16. Qxf7+ {WoodEater resigns} 1-0

[Event "ICS rated bullet match"]
[Site "204.178.125.65"]
[Date "2000.11.19"]
[Round "?"]
[White "WoodEater"]
[Black "Hossa"]
[Result "0-1"]
[WhiteElo "2140"]
[BlackElo "2677"]
[PlyCount "20"]
[EventDate "2000.??.??"]

1. e4 c5 2. f4 e5 3. Nf3 exf4 4. Bc4 d6 5. O-O Be6 6. Bxe6 fxe6 7. e5 dxe5 8.
d3 Nc6 9. Qe2 Qd7 10. Nxe5 Qd4+ {WoodEater resigns} 0-1

[Event "ICS rated bullet match"]
[Site "204.178.125.65"]
[Date "2000.11.19"]
[Round "?"]
[White "Hossa"]
[Black "WoodEater"]
[Result "1-0"]
[WhiteElo "2678"]
[BlackElo "2139"]
[PlyCount "69"]
[EventDate "2000.??.??"]

1. e4 c5 2. c3 Nf6 3. Qc2 e5 4. Nf3 Nc6 5. Bb5 d6 6. d3 Be7 7. O-O O-O 8. Ba4
a6 9. Bg5 b5 10. Bb3 a5 11. a4 b4 12. Nbd2 Ng4 13. Bxe7 Qxe7 14. Bd5 Bb7 15.
Nc4 Nd8 16. Bxb7 Nxb7 17. Nb6 Ra6 18. Nd5 Qd7 19. cxb4 axb4 20. Nh4 Nf6 21.
Nxf6+ gxf6 22. Nf5 d5 23. Qe2 Kh8 24. Qh5 Rg8 25. Rfc1 Rg6 26. b3 Rc6 27. Qf3
Nd6 28. exd5 Rc8 29. Ne3 Re8 30. Rxc5 e4 31. dxe4 Nxe4 32. Rc2 Reg8 33. Qxe4
Rxg2+ 34. Nxg2 Rxg2+ 35. Kxg2 {WoodEater resigns} 1-0

[Event "ICS rated blitz match"]
[Site "204.178.125.65"]
[Date "2000.11.19"]
[Round "?"]
[White "Younis-T"]
[Black "Hossa"]
[Result "0-1"]
[WhiteElo "2061"]
[BlackElo "2552"]
[PlyCount "31"]
[EventDate "2000.??.??"]

1. e4 c5 2. d4 cxd4 3. Nf3 e5 4. c3 Qa5 5. Bd2 Qb6 6. b3 Bc5 7. cxd4 Bxd4 8.
Nxd4 Qxd4 9. Nc3 Nf6 10. f3 d5 11. Nb5 Qb6 12. Qc2 Nc6 13. Nd6+ Ke7 14. exd5
Nd4 15. Qd3 Qxd6 16. a3 {Younis-T resigns} 0-1

[Event "ICS rated blitz match"]
[Site "204.178.125.65"]
[Date "2000.11.19"]
[Round "?"]
[White "Hossa"]
[Black "LordSirKnight"]
[Result "0-1"]
[WhiteElo "2554"]
[BlackElo "2867"]
[PlyCount "134"]
[EventDate "2000.??.??"]

1. e4 e5 2. Nf3 Nc6 3. Bb5 Nf6 4. O-O Bc5 5. c3 O-O 6. d4 Bb6 7. Bg5 h6 8. Bxf6
Qxf6 9. Bxc6 Qxc6 10. Nxe5 Qxe4 11. Nd2 Qf5 12. Nec4 d5 13. Nxb6 axb6 14. Re1
Be6 15. Nf3 Rfe8 16. Qd2 Re7 17. Ne5 Rae8 18. Re2 f6 19. Nd3 Bd7 20. Rxe7 Rxe7
21. Nf4 Bb5 22. f3 Re8 23. b3 Ba6 24. a4 g5 25. Nh5 Kf7 26. Ng3 Qd3 27. Qc1
Qe3+ 28. Qxe3 Rxe3 29. Rc1 Bd3 30. Kf2 Re8 31. b4 c6 32. h3 Bc4 33. Nf5 Re2+
34. Kg3 h5 35. Nd6+ Ke6 36. Nxc4 dxc4 37. Ra1 Rc2 38. Re1+ Kf7 39. Re3 h4+ 40.
Kh2 Ra2 41. f4 Rxa4 42. fxg5 fxg5 43. Rf3+ Ke6 44. Re3+ Kd6 45. Re5 Ra3 46.
Rxg5 Rxc3 47. Rh5 Rb3 48. d5 cxd5 49. Rh6+ Kc7 50. Rxh4 c3 51. Rh7+ Kc6 52. Rh8
d4 53. Rd8 Rxb4 54. Kg1 Kc7 55. Rf8 c2 56. Rf7+ Kd6 57. Rf6+ Ke5 58. Rf8 c1=Q+
59. Rf1 Qe3+ 60. Kh2 d3 61. Rf7 Qf4+ 62. Rxf4 Kxf4 63. h4 d2 64. h5 d1=Q 65. h6
Qh1+ 66. Kxh1 Kg3 67. Kg1 Rb1# {Hossa checkmated} 0-1

[Event "ICS rated blitz match"]
[Site "204.178.125.65"]
[Date "2000.11.19"]
[Round "?"]
[White "Hossa"]
[Black "DoctorWho"]
[Result "0-1"]
[WhiteElo "2553"]
[BlackElo "2692"]
[PlyCount "114"]
[EventDate "2000.??.??"]

1. e4 e5 2. Nf3 Nf6 3. Nc3 Bb4 4. a3 Bxc3 5. dxc3 d6 6. Bd3 Nbd7 7. Bg5 h6 8.
Bh4 O-O 9. O-O Nc5 10. Nd2 Ne6 11. f3 Nf4 12. Re1 Be6 13. b3 a5 14. Bg3 N6h5
15. Bc4 Nxg3 16. hxg3 Nh5 17. Bxe6 fxe6 18. Nf1 Qg5 19. Qc1 Qg6 20. g4 Nf4 21.
Kh2 Qf6 22. Qe3 Ng6 23. Kg1 a4 24. Red1 Nf4 25. Qf2 d5 26. Qe3 axb3 27. cxb3 d4
28. Qf2 Rfd8 29. Rd2 Ra6 30. Qe1 dxc3 31. Rc2 Rc6 32. Ne3 Nd3 33. Qe2 Qf8 34.
b4 Qd6 35. b5 Rb6 36. a4 Qc5 37. Rb1 Rbd6 38. Rb3 Nf4 39. Qf2 Rd3 40. Nf1 Qc4
41. Ra3 Ra8 42. Ra1 Rxa4 43. Rb1 Rb4 44. Rxb4 Qxb4 45. Ra2 Rd1 46. g5 Nd3 47.
Ra8+ Kf7 48. Qc2 Qd4+ 49. Kh2 Rxf1 50. Qa2 Qg1+ 51. Kg3 Rf2 52. Rf8+ Kxf8 53.
Qa3+ Ke8 54. Qa8+ Kd7 55. Qc8+ Kxc8 56. Kg4 Qh2 57. gxh6 Rxg2# {
Hossa checkmated} 0-1

[Event "ICS rated blitz match"]
[Site "204.178.125.65"]
[Date "2000.11.19"]
[Round "?"]
[White "DoctorWho"]
[Black "Hossa"]
[Result "1-0"]
[WhiteElo "2702"]
[BlackElo "2543"]
[PlyCount "91"]
[EventDate "2000.??.??"]

1. c4 Nf6 2. Nc3 e5 3. Nf3 Nc6 4. e3 Bb4 5. Qc2 O-O 6. Nd5 d6 7. Ng5 g6 8. h4
Bf5 9. Bd3 Bxd3 10. Qxd3 Bc5 11. Qb3 Bb6 12. d3 h6 13. Nf3 Re8 14. Bd2 e4 15.
dxe4 Rxe4 16. O-O-O Ng4 17. Bc3 Nxf2 18. Nf6+ Kf8 19. Nxe4 Nxe4 20. Be1 f5 21.
h5 g5 22. Rf1 Qf6 23. g4 f4 24. exf4 gxf4 25. Kb1 Ke8 26. Bh4 Qe6 27. Rfe1 Kd7
28. g5 Ba5 29. Rxd6+ cxd6 30. Qxb7+ Bc7 31. Qxa8 Qxc4 32. gxh6 d5 33. Qf8 Qd3+
34. Ka1 Nb4 35. Qxb4 Qxf3 36. Qe7+ Kc6 37. Rc1+ Kb5 38. Qd7+ Ka6 39. Qa4+ Ba5
40. Bd8 Qf2 41. Qxa5+ Kb7 42. Rc7+ Kb8 43. Rc8+ Kb7 44. Rb8+ Kxb8 45. Qc7+ Ka8
46. Qc8# {Hossa checkmated} 1-0

[Event "ICS rated bullet match"]
[Site "204.178.125.65"]
[Date "2000.11.19"]
[Round "?"]
[White "Hossa"]
[Black "ChesterX"]
[Result "0-1"]
[WhiteElo "2683"]
[BlackElo "2396"]
[PlyCount "102"]
[EventDate "2000.??.??"]

1. e4 Nf6 2. e5 Nd5 3. c4 Nb6 4. c5 Nd5 5. d4 d6 6. Nf3 dxc5 7. dxc5 e6 8. Bg5
Qd7 9. Qc1 Qc6 10. Nc3 Qxc5 11. Bb5+ c6 12. Bd3 Nd7 13. O-O Nb4 14. Be3 Qa5 15.
Rd1 Nxd3 16. Rxd3 Nxe5 17. Nxe5 Qxe5 18. Qd2 Qc7 19. Bf4 Qa5 20. Rg3 f6 21. Bd6
e5 22. Bxf8 Kxf8 23. Qd6+ Kf7 24. Rd1 Bf5 25. b4 Qb6 26. Na4 Qd8 27. Nc5 Qxd6
28. Rxd6 b6 29. Rf3 bxc5 30. Rxf5 cxb4 31. f4 e4 32. Rxc6 e3 33. Rc7+ Kg6 34.
Rfc5 Rad8 35. h4 Rd1+ 36. Kh2 e2 37. h5+ Kh6 38. Re7 e1=Q 39. Rxe1 Rxe1 40. Ra5
Ra8 41. Kg3 Ra1 42. Kh4 b3 43. g4 g5+ 44. Kh3 b2 45. Rb5 b1=Q 46. fxg5+ fxg5
47. Rxb1 Rxb1 48. Kg2 Rb2+ 49. Kg3 Rxa2 50. Kf3 Re8 51. Kg3 Re3# {
Hossa checkmated} 0-1

[Event "ICS rated bullet match"]
[Site "204.178.125.65"]
[Date "2000.11.19"]
[Round "?"]
[White "ChesterX"]
[Black "Hossa"]
[Result "1/2-1/2"]
[WhiteElo "2423"]
[BlackElo "2656"]
[PlyCount "242"]
[EventDate "2000.??.??"]

1. e4 Nf6 2. e5 Nd5 3. d4 d6 4. Nf3 Bg4 5. Be2 e6 6. O-O a6 7. c4 Nb6 8. Bg5 f6
9. exf6 gxf6 10. Bf4 e5 11. Nfd2 Bxe2 12. Qxe2 Nc6 13. Be3 exd4 14. Bxd4+ Qe7
15. Qxe7+ Bxe7 16. Bxb6 cxb6 17. Nc3 Nb4 18. Na4 Bd8 19. Ne4 Ke7 20. Rad1 d5
21. cxd5 Nxa2 22. d6+ Kd7 23. Nxf6+ Bxf6 24. Nxb6+ Kc6 25. Nxa8 Rxa8 26. Rd2
Kd7 27. f4 Nb4 28. Re1 Rc8 29. Red1 Rc4 30. g3 Nc6 31. Kf2 Rb4 32. Ke3 Rxb2 33.
Rxb2 Bxb2 34. Rd5 b6 35. g4 h6 36. h4 Na5 37. Rh5 Bg7 38. g5 Nc4+ 39. Kd3 Nxd6
40. gxh6 Bf6 41. h7 Nf7 42. f5 Kd6 43. Rg5 Ke5 44. Rg1 Kxf5 45. h5 Bh8 46. Rg8
a5 47. Kc4 Be5 48. Kd5 Nh8 49. Re8 Bg7 50. Rb8 Kg5 51. Rxb6 Kxh5 52. Ke4 Nf7
53. Kf4 Bd4 54. Ra6 Bc3 55. Ke3 Nh8 56. Ke4 Bb2 57. Kd3 Nf7 58. Kc2 Bh8 59. Kd1
Bc3 60. Ke2 Kg4 61. Kd3 Bb2 62. Rxa5 Bf6 63. Ra6 Kf5 64. Kc4 Be5 65. Kd5 Nh8
66. Ra3 Ng6 67. Re3 Nf4+ 68. Kc5 Bb2 69. Rf3 Bh8 70. Kc4 Kg6 71. Rxf4 Kxh7 72.
Rh4+ Kg8 73. Kd5 Bg7 74. Ke6 Kf8 75. Rf4+ Kg8 76. Rg4 Kf8 77. Rb4 Bh6 78. Rb7
Bg5 79. Rd7 Kg8 80. Kf5 Bh4 81. Rc7 Kf8 82. Ke6 Kg8 83. Rb7 Bg3 84. Rd7 Bf2 85.
Kf6 Bh4+ 86. Kf5 Kf8 87. Ke6 Bg5 88. Rf7+ Kg8 89. Ra7 Kf8 90. Kd5 Kg8 91. Rd7
Kf8 92. Ke4 Kg8 93. Kd3 Kf8 94. Ra7 Bd8 95. Ke4 Bb6 96. Rb7 Bd8 97. Kf5 Bh4 98.
Rh7 Bg3 99. Ke6 Kg8 100. Rf7 Be5 101. Rd7 Bg3 102. Ra7 Bf2 103. Re7 Bg1 104.
Kd5 Kf8 105. Rc7 Kg8 106. Ke4 Kh8 107. Rc1 Bf2 108. Rf1 Bc5 109. Kd5 Be3 110.
Rf3 Bh6 111. Rg3 Kh7 112. Ke4 Bd2 113. Rd3 Be1 114. Kf5 Kh6 115. Rd7 Bb4 116.
Rc7 Bd2 117. Rb7 Ba5 118. Ke4 Kg6 119. Ra7 Bb4 120. Rc7 Kh6 121. Ke5 Kh5 {
Game drawn by the 50 move rule} 1/2-1/2

[Event "ICS rated blitz match"]
[Site "204.178.125.65"]
[Date "2000.11.19"]
[Round "?"]
[White "Hossa"]
[Black "PabloZelig"]
[Result "1-0"]
[WhiteElo "2534"]
[BlackElo "2139"]
[PlyCount "103"]
[EventDate "2000.??.??"]

1. d4 Nf6 2. c4 c5 3. Nf3 cxd4 4. Nxd4 e5 5. Nf3 Nc6 6. e3 d5 7. cxd5 Qxd5 8.
Qxd5 Nxd5 9. e4 Ndb4 10. Na3 Be6 11. b3 Rd8 12. Bb2 f6 13. Be2 Nd3+ 14. Bxd3
Rxd3 15. O-O a6 16. Rfc1 Be7 17. Nc4 Kf7 18. Nb6 Rhd8 19. h3 g5 20. Rab1 h5 21.
h4 g4 22. Nh2 Bb4 23. Nf1 Ba5 24. Na4 Nd4 25. Ng3 Rxg3 26. Bxd4 Rd3 27. Be3 Bd2
28. Rc7+ R8d7 29. Rxd7+ Rxd7 30. Bxd2 Rxd2 31. Rb2 Rxb2 32. Nxb2 b5 33. Nd3 Ke7
34. Nc5 Bc8 35. b4 Kd6 36. a3 f5 37. exf5 Bxf5 38. Nxa6 Kd5 39. Nc5 Kc4 40. f3
g3 41. Kf1 Kc3 42. Ke2 Bc8 43. Ne4+ Kb3 44. Nxg3 Kxa3 45. Nxh5 Kxb4 46. Ng3 Kc3
47. h5 b4 48. h6 b3 49. h7 b2 50. Ne4+ Kc2 51. Nd2 Ba6+ 52. Ke3 {
PabloZelig resigns} 1-0

[Event "ICS rated blitz match"]
[Site "204.178.125.65"]
[Date "2000.11.19"]
[Round "?"]
[White "escorp"]
[Black "Hossa"]
[Result "0-1"]
[WhiteElo "2610"]
[BlackElo "2537"]
[PlyCount "68"]
[EventDate "2000.??.??"]

1. d4 f5 2. c4 Nf6 3. g3 c6 4. Nf3 g6 5. Bg2 Bg7 6. Nc3 O-O 7. O-O d6 8. d5 e5
9. dxc6 bxc6 10. b3 e4 11. Nd4 Ng4 12. Bb2 Rf7 13. Qd2 a5 14. Rad1 Raa7 15.
Rfe1 Kh8 16. h3 Nf6 17. Ba3 Ne8 18. h4 Kg8 19. h5 gxh5 20. Kf1 h4 21. gxh4 Qxh4
22. Nc2 Be5 23. e3 Rg7 24. Nd4 Bxd4 25. Qxd4 Qh2 26. Bxe4 fxe4 27. Qxe4 Rae7
28. Bxd6 Qh5 29. Qg2 Rxg2 30. Kxg2 Rg7+ 31. Bg3 Bh3+ 32. Kh2 Bg4+ 33. Kg1 Bf3
34. Kf1 Qh1# {escorp checkmated} 0-1

[Event "ICS rated blitz match"]
[Site "204.178.125.65"]
[Date "2000.11.19"]
[Round "?"]
[White "Hossa"]
[Black "WICKER-MAN"]
[Result "1-0"]
[WhiteElo "2556"]
[BlackElo "2006"]
[PlyCount "71"]
[EventDate "2000.??.??"]

1. d4 Nf6 2. c4 c5 3. Nf3 e6 4. Nc3 cxd4 5. Nxd4 Nc6 6. e4 a6 7. Nxc6 bxc6 8.
e5 Ng8 9. Bf4 Ne7 10. Bg5 h6 11. Bf4 Ng6 12. Bg3 Bb4 13. Be2 Qg5 14. h4 Qe7 15.
h5 Nf8 16. O-O Nh7 17. Ne4 Ng5 18. Nd6+ Bxd6 19. exd6 Qd8 20. Bd3 f5 21. Bf4
O-O 22. Re1 a5 23. Re3 Ba6 24. Rc1 Rb8 25. b3 a4 26. bxa4 Rb2 27. Be5 Rxa2 28.
Bb1 f4 29. Re1 Rxf2 30. Kxf2 f3 31. Re3 fxg2+ 32. Kxg2 Qa5 33. Bg6 Qc5 34. Qd4
Qb4 35. Bxg7 Qb2+ 36. Qxb2 {WICKER-MAN resigns} 1-0

[Event "ICS rated blitz match"]
[Site "204.178.125.65"]
[Date "2000.11.19"]
[Round "?"]
[White "WICKER-MAN"]
[Black "Hossa"]
[Result "1-0"]
[WhiteElo "2005"]
[BlackElo "2557"]
[PlyCount "107"]
[EventDate "2000.??.??"]

1. e4 e5 2. d4 exd4 3. c3 Nf6 4. e5 Qe7 5. cxd4 d6 6. f4 dxe5 7. fxe5 Ne4 8.
Nf3 Qb4+ 9. Bd2 Qxb2 10. Bd3 Qxa1 11. Bxe4 Qxa2 12. O-O Qc4 13. Nc3 c6 14. Ng5
Qxd4+ 15. Kh1 Bb4 16. Rxf7 Bxc3 17. Qh5 g6 18. Bxg6 Kd8 19. Nf3 Bd7 20. Qg5+
Kc7 21. Nxd4 Bxd2 22. Qxd2 Kb6 23. Qb4+ Ka6 24. Bd3+ b5 25. Rxd7 Kb6 26. Rd6 a6
27. Ne6 Ra7 28. Qc5+ Kb7 29. Be4 Rc8 30. Nd4 Ka8 31. e6 Rac7 32. Qb6 Rf8 33. h3
Rb7 34. Qa5 Rg7 35. Nxc6 Rf1+ 36. Kh2 Rb7 37. Nd8 Rh1+ 38. Kxh1 Ka7 39. Rxa6+
Nxa6 40. Bxb7 Kb8 41. Qxa6 Kc7 42. Qc6+ Kb8 43. Qc8+ Ka7 44. Nc6+ Kb6 45. Ne5
Ka5 46. Bc6 h5 47. Qb7 Kb4 48. Qxb5+ Kc3 49. Qc4+ Kd2 50. Qd3+ Kc1 51. Qc3+ Kb1
52. Be4+ Ka2 53. Nc4 h4 54. Qb2# {Hossa checkmated} 1-0